Countries with a Capital City on the Border - Statistics

General Stats
  • This quiz has been taken 56 times
    46 since last reset
  • The average score is 10 of 17
Answer Stats
Continent Answer % Correct
Europe Vatican City
93%
Europe San Marino
85%
Europe Liechtenstein
83%
Europe Monaco
80%
Africa Democratic Republic of the Congo
78%
Africa Republic of the Congo
78%
Europe Andorra
73%
Asia Singapore
68%
Europe Slovakia
63%
South America Paraguay
60%
Europe Italy
48%
Africa Lesotho
43%
Africa Central African Republic
33%
Africa Togo
30%
Africa Chad
23%
Africa Botswana
18%
Asia Laos
13%
No matching quizzes found
Score Distribution
Percent of People with Each Score
Percentile by Number Answered
Your Score History
You have not taken this quiz since the last reset